000 00614nam a2200217 a 4500
001 BRCA_7891
005 20190320210036.0
008 310114s1964----uk-a######---#000-0#eng-#
041 _aeng
044 _aUk
050 4 _aNK5143
_b.E54 1964
245 1 0 _aEnglish glass
_cThe Royal Scottish Museum.
260 _aEdinburg, G. B.
_bH. M. S. O.
_c1964
300 _a1 v. (sin paginación)
_bil., 26 láminas
_c24 cm.
500 _aY153
650 1 4 _aCristalería inglesa
_919518
650 1 4 _aVidrio
_zGran Bretaña
_918287
710 2 _aRoyal Scottish Museum (Edinburgh)
_919519
902 _aGFM
942 _2lcc
_cB
999 _c7563
_d7563